=LDR 00000nam 2200000 4500 =001 INLIS000000000005394 =005 20130612093636 =008 ***********************************Ind** =035 ##$$0010-061300000005394 =041 ##$$a Ind =082 ##$$a 428 =090 ##$$a 428, Suj c =100 ##$$a SUJOKO R =245 ##$$a Cara tercepat menguasai percakapan Bahasa Inggris sehari-hari, Sujoko R. -- =650 ##$$a 2000 $b Bandung